New understanding physics : (Record no. 6454)
[ view plain ]
| 000 -LEADER | |
|---|---|
| fixed length control field | 00743cam a22002532 4500 |
| 001 - CONTROL NUMBER | |
| control field | 0000003689 |
| 005 - DATE AND TIME OF LATEST TRANSACTION | |
| control field | 20151217151928.0 |
| 008 - FIXED-LENGTH DATA ELEMENTS--GENERAL INFORMATION | |
| fixed length control field | 070514s xx 000 0 eng d |
| 020 ## - INTERNATIONAL STANDARD BOOK NUMBER | |
| International Standard Book Number | 0748743146 : |
| Terms of availability | KES 2,520 |
| 040 ## - CATALOGING SOURCE | |
| Original cataloging agency | KABU |
| Transcribing agency | KABU |
| 050 #0 - LIBRARY OF CONGRESS CALL NUMBER | |
| Classification number | QC21.2 |
| Item number | .B74 2000 |
| 100 1# - MAIN ENTRY--PERSONAL NAME | |
| Personal name | Breithaupt, Jim. |
| -- | 0000153780 |
| 245 10 - TITLE STATEMENT | |
| Title | New understanding physics : |
| Remainder of title | for advanced level / |
| Statement of responsibility, etc. | Jim Breithaupt. |
| 246 3# - VARYING FORM OF TITLE | |
| Title proper/short title | Physics |
| 246 3# - VARYING FORM OF TITLE | |
| Title proper/short title | Understanding physics |
| 250 ## - EDITION STATEMENT | |
| Edition statement | 4th ed. |
| 260 ## - PUBLICATION, DISTRIBUTION, ETC. (IMPRINT) | |
| Place of publication, distribution, etc. | Cheltenham : |
| Name of publisher, distributor, etc. | Nelson Thornes, |
| Date of publication, distribution, etc. | 2000. |
| 300 ## - PHYSICAL DESCRIPTION | |
| Extent | ix, 727 p. : |
| Other physical details | ill. ; |
| Dimensions | 27 cm. |
| 500 ## - GENERAL NOTE | |
| General note | Includes index. |
| 650 #0 - SUBJECT ADDED ENTRY--TOPICAL TERM | |
| Topical term or geographic name as entry element | Physics. |
| -- | 0000153778 |
| 908 ## - PUT COMMAND PARAMETER (RLIN) | |
| Put command parameter | 070514 |
| 950 ## - LOCAL HOLDINGS (RLIN) | |
| -- | 1 |
| Withdrawn status | Lost status | Source of classification or shelving scheme | Not for loan | Home library | Current library | Date acquired | Total Checkouts | Full call number | Barcode | Date last seen | Date last checked out | Price effective from | Koha item type |
|---|---|---|---|---|---|---|---|---|---|---|---|---|---|
| Library of Congress Classification | Kabarak, Main Campus | Kabarak, Main Campus | 17/12/2015 | 11 | QC21.2 .B74 2000 | 004888 | 17/02/2020 | 06/02/2020 | 17/12/2015 | General Collection |